000 01650cam a22004094i 4500
999 _c64010
_d64010
001 61303393
003 CO-MdFUSB
005 20190202100458.0
008 050811r 2000ilu g b 001 0 eng
010 _a2005023368
020 _a9780830827558
_q(alk. paper)
020 _a0830827552
_q(alk. paper)
020 _a0830814159
_q(cloth : alk. paper)
020 _a9780830814152
_q(cloth : alk. paper)
020 _a0830827528
_q(pbk. : alk. paper)
020 _a9780830827527
_q(pbk. : alk. paper)
040 _aDLC
_bspa
_erda
_cCO-MdFUSB
_dCO-MdFUSB
041 _aeng
042 _apcc
082 _224
_aG 231.3
_bB652h
100 1 _aBloesch, Donald G.,
_d1928-2010.
_eautor
245 1 4 _aThe Holy Spirit
_b: works & gifts
_c/ Donald G. Bloesch
264 1 _aDowners Grove, Illinois. :
_bInterVarsity Press,
_c℗[2000]
264 4 _c©2000
300 _a415 páginas :
_c23 cm.
336 _a1
_ba1
_2rdacontent.
337 _a2
_b5
_2rdamedia.
338 _a2
_b5
_2rdacarrier.
490 1 _aChristian foundations.
501 _aIncluye índices (páginas: 397- 415)
505 8 _aIntroducción -- El debate contemporáneo -- El descenso del Espíritu en el entendimiento bíblico -- Padres, entusiastas y místicos -- Perspectivas de la Reforma -- Movimientos de renovación post-reforma -- Nuevos desafíos a la fe tradicional -- Pentecostalismo -- Los últimos acontecimientos en el pensamiento teológico -- El Espíritu Santo: persona y misión -- La vía a la santidad.
650 0 _aEspíritu Santo
_950
653 _aDones Espirituales
942 _cBK